000 00309nam a22001217a 4500
008 230703b xxu||||| |||| 00| 0 eng d
082 _a342 16
_bIPU
245 _aConstitutional and Parliamentary Information
260 _bInter-Parliamentary Union
_c2005
300 _a121p
440 _n190
942 _2ddc
_cBK
999 _c3482
_d3482